ნორმალური ფორმატი
MARC ფორმატი
ჩანაწერი Personal Name
ჩანაწერთა რაოდენობა, რომელიც გამოყენებულია: 1
001 - CONTROL NUMBER
- control field: 24013
003 - CONTROL NUMBER IDENTIFIER
- control field: GE_BSU
005 - DATE AND TIME OF LATEST TRANSACTION
- control field: 20241219163241.0
008 - FIXED-LENGTH DATA ELEMENTS
- fixed length control field: 241219|| aca||aabn | a|a d
040 ## - CATALOGING SOURCE
- Original cataloging agency: GE_BSU
- Transcribing agency: GE_BSU
100 ## - HEADING--PERSONAL NAME
- Personal name: ნემსაძე, ო.
670 ## - SOURCE DATA FOUND
- Source citation: Work cat.: (GE_BSU): ნემსაძე, ო., ფტორის როლი ძვლოვანი ქსოვილის ფიზიოლოგიასა და პათოლოგიაში /
